00517cam a22001692 4500001001100000005001700011008004100028020002800069040001500097100003000112245005800142250001200200260003900212300001800251650004800269700003000317000000603820151217145828.0070912s xx 000 0 eng d a8120328035 :cKES 1,700 aKABUcKABU1 aDeitel, H. M.@000015444910aC++. :bhow to program /cH. M. Deitel, P. J. Deitel. a5th ed. aNew Delhi :bPrentice Hall,c2005. alxii, 1436 p. 0aC++ (Computer program language)@00001543441 aDeitel, P. J.@0000154450